书目信息 |
| 题名: |
英语惯用法的奥秘
|
|
| 作者: | 王福祯 编著 | |
| 分册: | ||
| 出版信息: | 北京 中国国际广播出版社 2005 |
|
| 页数: | 495页 | |
| 开本: | 21cm | |
| 丛书名: | ||
| 单 册: | ||
| 中图分类: | H313.1 | |
| 科图分类: | ||
| 主题词: | 英语--社会习惯语--研究 , 英语 , 社会习惯语 | |
| 电子资源: | ||
| ISBN: | 7-5078-2428-4 | |
| 000 | 00827nam0 2200265 450 | |
| 001 | 070730000621 | |
| 005 | 20071015105907.81 | |
| 010 | @a7-5078-2428-4@dCNY22.00 | |
| 035 | @a002831951 | |
| 100 | @a20050221d2005 em y0chiy0110 ea | |
| 101 | 0 | @achi@aeng |
| 102 | @aCN@b110000 | |
| 105 | @ay z 000yy | |
| 200 | 1 | @a英语惯用法的奥秘@Aying yu guan yong fa de ao mi@f王福祯编著 |
| 210 | @a北京@c中国国际广播出版社@d2005 | |
| 215 | @a495页@d21cm | |
| 330 | @a本书从复杂、众多的英语现象中归纳、总结出了一些常用的习惯用法,并按不同的类别进行了较为详细的讲解和例证。 | |
| 510 | 1 | @aSecrets of English Usage@zeng |
| 606 | 0 | @a英语@x社会习惯语@x研究 |
| 606 | 0 | @a英语 |
| 606 | 0 | @a社会习惯语 |
| 690 | @aH313.1@v4 | |
| 701 | 0 | @a王福祯@Awang fu zhen@f(1962.10~)@4编著 |
| 801 | 0 | @aCN@c20071015 |
| 905 | @dH313.1@eW1701 | |
| 英语惯用法的奥秘/王福祯编著.-北京:中国国际广播出版社,2005 |
| 495页;21cm |
| ISBN 7-5078-2428-4:CNY22.00 |
| 本书从复杂、众多的英语现象中归纳、总结出了一些常用的习惯用法,并按不同的类别进行了较为详细的讲解和例证。 |
| ● |
| 相关链接 |
|
|
|
正题名:英语惯用法的奥秘
索取号:H313.1/W1701
 
预约/预借
| 序号 | 登录号 | 条形码 | 馆藏地/架位号 | 状态 | 备注 |
| 1 | 651364 | 206513646 | 自科二线504/504自科库 45排6列4层/ [索取号:H313.1/W1701] | 在馆 |